Adapting buildings and cities for climate change (Record no. 103870)

MARC details
000 -LEADER
fixed length control field 02080nam a2200397Ia 4500
001 - CONTROL NUMBER
control field vtls003166254
003 - CONTROL NUMBER IDENTIFIER
control field MY-SjTCS
005 - DATE AND TIME OF LATEST TRANSACTION
control field 20200508124656.0
006 - FIXED-LENGTH DATA ELEMENTS--ADDITIONAL MATERIAL CHARACTERISTICS
fixed length control field m u
007 - PHYSICAL DESCRIPTION FIXED FIELD--GENERAL INFORMATION
fixed length control field cr cn|||||||||
008 - FIXED-LENGTH DATA ELEMENTS--GENERAL INFORMATION
fixed length control field 100712s2005 ne a sb 001 0 eng d
015 ## - NATIONAL BIBLIOGRAPHY NUMBER
National bibliography number GBA4-X8918
020 ## - INTERNATIONAL STANDARD BOOK NUMBER
Canceled/invalid ISBN 0750659114 (pbk.)
020 ## - INTERNATIONAL STANDARD BOOK NUMBER
Canceled/invalid ISBN 0080454739
035 ## - SYSTEM CONTROL NUMBER
System control number (CaPaEBR)ebr10138597
039 #9 - LEVEL OF BIBLIOGRAPHIC CONTROL AND CODING DETAIL [OBSOLETE]
-- 201007121357
-- VLOAD
040 ## - CATALOGING SOURCE
Original cataloging agency CaPaEBR
Transcribing agency CaPaEBR
050 14 - LIBRARY OF CONGRESS CALL NUMBER
Classification number NA2541
Item number .R63 2005eb
100 1# - MAIN ENTRY--PERSONAL NAME
Personal name Roaf, Susan.
9 (RLIN) 15551
245 10 - TITLE STATEMENT
Title Adapting buildings and cities for climate change
Medium [electronic resource] :
Remainder of title a 21st century survival guide /
Statement of responsibility, etc. Sue Roaf, David Crichton and Fergus Nicol.
260 ## - PUBLICATION, DISTRIBUTION, ETC.
Place of publication, distribution, etc. Amsterdam ;
-- Boston ;
-- London :
Name of publisher, distributor, etc. Elsevier/Architectural Press,
Date of publication, distribution, etc. 2005.
300 ## - PHYSICAL DESCRIPTION
Extent xiii, 363 p. :
Other physical details ill. (some col.)
504 ## - BIBLIOGRAPHY, ETC. NOTE
Bibliography, etc. note Includes bibliographical references and index.
505 0# - FORMATTED CONTENTS NOTE
Formatted contents note Climate change : the battle begins -- The evolution of buildings -- Risk, scenarios, and insurance -- How hot will it get? -- Safe and warm : effect of climate change on thermal comfort and health -- How wet will it get? -- Windstorms -- Sea level rises -- Vulnerability, exposure, and migration -- Air conditioning : the ultimate solution? -- Tall buildings -- The fossil fuel crisis -- Fuel security : when will the lights go out? -- The players -- The battle continues.
529 ## -
-- TSLHHL
533 ## - REPRODUCTION NOTE
Type of reproduction Electronic reproduction.
Place of reproduction Palo Alto, Calif. :
Agency responsible for reproduction ebrary,
Date of reproduction 2009.
Note about reproduction Available via World Wide Web.
-- Access may be limited to ebrary affiliated libraries.
650 #0 - SUBJECT ADDED ENTRY--TOPICAL TERM
Topical term or geographic name entry element Architecture and climate.
650 #0 - SUBJECT ADDED ENTRY--TOPICAL TERM
Topical term or geographic name entry element Ecological houses.
650 #0 - SUBJECT ADDED ENTRY--TOPICAL TERM
Topical term or geographic name entry element Dwellings
General subdivision Energy conservation.
9 (RLIN) 25799
650 #0 - SUBJECT ADDED ENTRY--TOPICAL TERM
Topical term or geographic name entry element Construction industry
General subdivision Appropriate technology.
655 #7 - INDEX TERM--GENRE/FORM
Genre/form data or focus term Electronic books.
Source of term local
700 1# - ADDED ENTRY--PERSONAL NAME
Personal name Crichton, David.
700 1# - ADDED ENTRY--PERSONAL NAME
Personal name Nicol, F.
Fuller form of name (Fergus)
710 2# - ADDED ENTRY--CORPORATE NAME
Corporate name or jurisdiction name as entry element ebrary, Inc.
9 (RLIN) 25628
856 40 - ELECTRONIC LOCATION AND ACCESS
Uniform Resource Identifier https://ezproxy.taylors.edu.my/login?url=http://site.ebrary.com/lib/taylorscollege/Doc?id=10138597
Public note An electronic book accessible through the World Wide Web; click to view
Holdings
Withdrawn status Lost status Source of classification or shelving scheme Damaged status Not for loan Home library Current library Date acquired Total Checkouts Date last seen Copy number Price effective from Koha item type Public note
    Dewey Decimal Classification   e-book Taylor's Library-TU Taylor's Library - Perpetual(TU) 20/02/2020   20/02/2020 1 20/02/2020 Main Collection SABDx,23003,03,CL,PPT